Physics of the solar system (Record no. 3103)

MARC details
000 -LEADER
fixed length control field 00605nam a2200181Ia 4500
003 - CONTROL NUMBER IDENTIFIER
control field IN-BaIIA
008 - FIXED-LENGTH DATA ELEMENTS--GENERAL INFORMATION
fixed length control field 211028s9999 xx 000 0 eng d
040 ## - CATALOGING SOURCE
Transcribing agency IIA Library
080 ## - UNIVERSAL DECIMAL CLASSIFICATION NUMBER
Universal Decimal Classification number 523
Item number PHY
245 #0 - TITLE STATEMENT
Title Physics of the solar system
Statement of responsibility, etc. edited by Mikhailov A. A.
260 ## - PUBLICATION, DISTRIBUTION, ETC.
Place of publication, distribution, etc. Jerusalem
Name of publisher, distributor, etc. Israel Program for Scientific Translations
Date of publication, distribution, etc. 1966
300 ## - PHYSICAL DESCRIPTION
Extent v, 398p.
490 ## - SERIES STATEMENT
Series statement A course in astrophysics and stellar astronomy; v. 3
650 ## - SUBJECT ADDED ENTRY--TOPICAL TERM
Topical term or geographic name entry element Astronomy and Astrophysics Thesaurus
650 ## - SUBJECT ADDED ENTRY--TOPICAL TERM
Topical term or geographic name entry element Solar system
700 ## - ADDED ENTRY--PERSONAL NAME
Personal name Mikhailov, A. A., ed.
9 (RLIN) 5515
942 ## - ADDED ENTRY ELEMENTS (KOHA)
Koha item type Books
Holdings
Withdrawn status Lost status Damaged status Not for loan Home library Current library Shelving location Date acquired Cost, normal purchase price Total Checkouts Full call number Barcode Date last seen Cost, replacement price Price effective from Koha item type Purchase Price
        IIA Library-Bangalore IIA Library-Bangalore General Stacks 24/09/1968 115.75   523/ PHY 3452 05/11/2021 115.75 24/09/1968 Books Rs. 115.75

Powered by Koha